000 01278cam a22003617a 4500
003 CHAP
005 20220329142923.0
008 050224d1988 mx a r 00110 spa d
010 _a89677
011 _a90649
020 _a9688440256
035 _a101205
040 _cCHAP
090 _aFolleto 16950
100 0 0 _aGuerrero Rodríguez, Eugenio.
_951262
245 1 0 _aMalofagos y anopluros :
_binsectos y acaros de interés médico y veterinario
_c/por Eugenio Guerrero Rodríguez, Luis A. Aguirre Uribe y Aguileo Lozoya S.
260 _aSaltillo, Coah. :
_bUniversidad Autónoma Agraria Antonio Narro,
_c1988.
300 _a59 p. :
_bilus.
590 _aBATCH-UPD
_b10
_c20130110
_lUCH01
_h0048
590 _aBATCH-UPD
_b10
_c20130110
_lUCH01
_h1727
590 _aBATCH-UPD
_b10
_c20130409
_lUCH01
_h2035
590 _aBATCH-UPD
_b10
_c20130410
_lUCH01
_h1109
590 _aBATCH-UPD
_b10
_c20130913
_lUCH01
_h2318
590 _aCONVERSION
_b10
_c20130109
_lUCH01
_h1350
650 1 4 _aInsectos
_xIdentificación.
_958929
650 1 4 _aMallophaga.
_970177
700 0 _aAguirre Uribe, Luis Alberto.
_93048
700 0 _aLozoya Saldaña, Aguileo.
_968825
901 _aBK
905 _aLilia
942 _cFOLL
949 _aFolleto 16950
_bBC
_cFOLL
_d33724002003561
_eTS1
_i101205
_sb
999 _c89677
_d89677